| 000 | 00387nam a22001577a 4500 | ||
|---|---|---|---|
| 999 |
_c8934 _d8934 |
||
| 003 | OSt | ||
| 008 | 200714b ||||| |||| 00| 0 eng d | ||
| 082 | _a615.19DHP | ||
| 100 | _aDharuman , J | ||
| 245 | _aPharmaceutical Organic chemistry | ||
| 250 | _a2019 | ||
| 260 |
_aNew Delhi _bAitbs Publication |
||
| 300 | _aPg-265 | ||
| 650 | _aPharmaceutical Organic Chemisty | ||
| 942 |
_2ddc _cBK |
||